000090044 001__ 90044
000090044 005__ 20200717113343.0
000090044 037__ $$aTAZ-TFG-2020-605
000090044 041__ $$aspa
000090044 1001_ $$aHernández Amondaray, Celia
000090044 24200 $$aEffectivity of a machine-based Pilates program adapted to chronic spinal cord injury patients. Series of cases
000090044 24500 $$aEfectividad de un programa de pilates con máquinas adaptado a lesionados medulares crónicos. Serie de casos
000090044 260__ $$aZaragoza$$bUniversidad de Zaragoza$$c2020
000090044 506__ $$aby-nc-sa$$bCreative Commons$$c3.0$$uhttp://creativecommons.org/licenses/by-nc-sa/3.0/
000090044 520__ $$aIntroducción: La lesión medular es definida como todo proceso patológico, de cualquier etiología, que afecta a la médula espinal y que puede originar alteraciones de la función neurológica por debajo del nivel lesionado. Se pueden producir alteraciones del movimiento, de la sensibilidad o de la función autónoma. La consecuencia más preocupante es la parálisis de la musculatura por debajo del nivel de lesión, que produce una pérdida de funcionalidad en mayor o menor medida.<br />Objetivo: Analizar los efectos de un programa fisioterápico de ejercicios de Pilates con máquinas en la capacidad funcional de personas con lesión medular crónica incompleta.<br />Material y métodos: Se realizó un estudio de intervención analítico, longitudinal y prospectivo de serie de casos (n=3) con medición pre y post-intervención de las siguientes variables: independencia, control de tronco, tono muscular y función motora. Se realizó un programa fisioterápico durante 8 semanas, basado en ejercicios de Pilates adaptado con máquinas durante 60 minutos, 2 veces por semana. <br />Resultados: se obtuvo un aumento de la independencia funcional, control de tronco y función motora, no mostrando resultados concluyentes en la valoración del tono muscular.<br />Conclusión: el programa de Pilates adaptado a lesionados medulares fue eficaz para aumentar la independencia funcional, control de tronco y función motora.<br />
000090044 521__ $$aGraduado en Fisioterapia
000090044 540__ $$aDerechos regulados por licencia Creative Commons
000090044 6531_ $$aLesión medular
000090044 6531_ $$aPilates
000090044 6531_ $$aEjercicio terapéutico
000090044 700__ $$aDomínguez Oliván, María Pilar$$edir.
000090044 7102_ $$aUniversidad de Zaragoza$$bFisiatría y Enfermería$$cFisioterapia
000090044 8560_ $$f740194@unizar.es
000090044 8564_ $$s7538342$$uhttps://zaguan.unizar.es/record/90044/files/TAZ-TFG-2020-605.pdf$$yMemoria (spa)
000090044 909CO $$ooai:zaguan.unizar.es:90044$$pdriver$$ptrabajos-fin-grado
000090044 950__ $$a
000090044 951__ $$adeposita:2020-07-17
000090044 980__ $$aTAZ$$bTFG$$cEUCS
000090044 999__ $$a20200515153030.CREATION_DATE